[Event "ch-FRA Blitz Online Qual"]
[Site "Europe-Chess INT"]
[Date "2020.05.16"]
[Round "1"]
[White "Leccia, Thomas"]
[Black "Barbot, Pierre1"]
[Result "0-1"]
[BlackTitle "IM"]
[WhiteElo "1893"]
[BlackElo "2443"]
[WhiteFideId "36087270"]
[BlackFideId "663727"]
[EventDate "2020.05.16"]

1. e4 e5 2. Nf3 Nc6 3. d4 exd4 4. Bc4 Bc5 5. c3 Nf6 6. cxd4 Bb4+ 7. Bd2 Bxd2+ 8.
Nbxd2 d5 9. e5 dxc4 10. exf6 Qxf6 11. Nxc4 O-O 12. O-O Bg4 13. Nce5 Nxe5 14.
dxe5 Qf5 15. Nd4 Qg5 16. f3 Bh3 17. Qe2 Rad8 18. f4 Qxg2+ 19. Qxg2 Bxg2 20. Kxg2
Rxd4 21. Rac1 c6 22. Rc2 Rfd8 23. Rff2 Kf8 24. Kg3 Ke7 25. Rfe2 g6 26. h4 Ke6
27. Kg4 R8d5 28. Kf3 Kf5 29. Rg2 Rxf4+ 30. Ke3 Rxe5+ 31. Kd3 Rxh4 32. Rcf2+ Ke6
33. Rg3 h5 34. Rgf3 f5 35. Rg3 Rg4 0-1

[Event "ch-FRA Blitz Online Qual"]
[Site "Europe-Chess INT"]
[Date "2020.05.16"]
[Round "1"]
[White "Maze, Sebastien"]
[Black "Staune, Jean"]
[Result "1-0"]
[WhiteTitle "GM"]
[WhiteElo "2557"]
[BlackElo "1719"]
[WhiteFideId "613762"]
[BlackFideId "26091631"]
[EventDate "2020.05.16"]

1. e4 c5 2. Nf3 Nc6 3. Bb5 e6 4. c3 Nge7 5. O-O g6 6. d4 cxd4 7. cxd4 Bg7 8. d5
exd5 9. exd5 Ne5 10. Nxe5 Bxe5 11. Re1 Bd6 12. Bh6 a6 13. Ba4 b5 14. Bb3 Bb7 15.
Nc3 f5 16. Qd4 Kf7 17. Qg7+ Ke8 18. Qxh8+ Kf7 19. Qg7+ Ke8 20. Qf8# 1-0

[Event "ch-FRA Blitz Online Qual"]
[Site "Europe-Chess INT"]
[Date "2020.05.16"]
[Round "1"]
[White "Perolini, Cedric"]
[Black "Efimov, Igor"]
[Result "0-1"]
[BlackTitle "GM"]
[WhiteElo "1706"]
[BlackElo "2409"]
[WhiteFideId "20692773"]
[BlackFideId "806404"]
[EventDate "2020.05.16"]

1. e4 c5 2. d4 cxd4 3. Nf3 d6 4. Nxd4 Nf6 5. Nc3 Nc6 6. Bg5 Bd7 7. Bc4 Rc8 8.
O-O Ne5 9. Bb3 Nc4 10. Bxc4 Rxc4 11. Qd3 Rc5 12. Bxf6 gxf6 13. Rad1 a6 14. Qf3
h5 15. Rfe1 h4 16. Nf5 Qc8 17. Ne3 Rg8 18. h3 Bh6 19. Ned5 Bxh3 20. Nxf6+ exf6
21. Nd5 Bxg2 22. Nxf6+ Kf8 23. Qh5 Rxh5 0-1

[Event "ch-FRA Blitz Online Qual"]
[Site "Europe-Chess INT"]
[Date "2020.05.16"]
[Round "1"]
[White "Travadon, Loic"]
[Black "Gauthier, Laurent2"]
[Result "1-0"]
[WhiteTitle "IM"]
[WhiteElo "2431"]
[BlackElo "1704"]
[WhiteFideId "26092131"]
[BlackFideId "676810"]
[EventDate "2020.05.16"]

1. d4 Nf6 2. c4 c5 3. d5 b5 4. cxb5 a6 5. Nc3 d6 6. e4 axb5 7. Bxb5+ Bd7 8.
Bxd7+ Nbxd7 9. Nf3 g6 10. O-O Bg7 11. a4 O-O 12. Re1 Qb6 13. Ra3 Rfb8 14. Nb5
Ne8 15. Nd2 Nc7 16. Nc4 Qb7 17. Nxc7 Qxc7 18. a5 Rb4 19. b3 Qb7 20. Bd2 Rb5 21.
h4 Ne5 22. Nxe5 Bxe5 23. h5 Qa6 24. hxg6 hxg6 25. Qg4 Qc8 26. Qe2 Rab8 27. Qd3
Qb7 28. Rb1 Qa6 29. g3 Qb7 30. Kg2 c4 31. Qxc4 Rc8 32. Qd3 Rbc5 33. a6 Qa8 34.
b4 Rc2 35. b5 Rb2 36. Rxb2 Bxb2 37. Ra2 Bg7 38. b6 1-0

[Event "ch-FRA Blitz Online Qual"]
[Site "Europe-Chess INT"]
[Date "2020.05.16"]
[Round "1"]
[White "Rapaire, Jean-Michel"]
[Black "Nasuta, Grzegorz"]
[Result "0-1"]
[BlackTitle "GM"]
[WhiteElo "1742"]
[BlackElo "2558"]
[WhiteFideId "5400023"]
[BlackFideId "1141686"]
[EventDate "2020.05.16"]

1. e4 c5 2. Nf3 d6 3. a3 Nf6 4. Nc3 g6 5. Bc4 Bg7 6. d3 O-O 7. O-O Nc6 8. Re1 a6
9. Ne2 Bg4 10. Ng3 Ne5 11. Bb3 Qc8 12. c3 Nxf3+ 13. gxf3 Be6 14. Bxe6 Qxe6 15.
f4 b5 16. f5 Qd7 17. fxg6 fxg6 18. Kg2 Rf7 19. Be3 Raf8 20. h3 Qb7 21. Re2 Nd7
22. Qd2 d5 23. exd5 Qxd5+ 24. Kh2 Ne5 25. Qd1 Nf3+ 26. Kg2 Nh4+ 0-1

[Event "ch-FRA Blitz Online Qual"]
[Site "Europe-Chess INT"]
[Date "2020.05.16"]
[Round "1"]
[White "Valles Moreno, Ivan"]
[Black "Akopian, Edwin"]
[Result "1-0"]
[WhiteTitle "IM"]
[WhiteElo "2417"]
[BlackElo "1706"]
[WhiteFideId "2205688"]
[BlackFideId "36068357"]
[EventDate "2020.05.16"]

1. Nf3 Nf6 2. c4 c5 3. Nc3 Nc6 4. d4 cxd4 5. Nxd4 g6 6. e4 d6 7. Be2 Bg7 8. Be3
O-O 9. O-O Bd7 10. Qd2 Re8 11. f3 Rc8 12. Rfd1 a6 13. Rac1 Ne5 14. b3 Qc7 15.
Nd5 Qb8 16. Nb6 Rc7 17. h3 Bc6 18. a4 Nfd7 19. Nd5 Rcc8 20. f4 Bxd5 21. cxd5
Rxc1 22. Rxc1 Nc6 23. dxc6 bxc6 24. Nxc6 Qxb3 25. a5 h5 26. Bc4 e6 27. Bxb3 1-0

[Event "ch-FRA Blitz Online Qual"]
[Site "Europe-Chess INT"]
[Date "2020.05.16"]
[Round "1"]
[White "Capton, Rafael"]
[Black "Villegas, Pierre"]
[Result "0-1"]
[BlackTitle "IM"]
[WhiteElo "1737"]
[BlackElo "2364"]
[WhiteFideId "36084778"]
[BlackFideId "654183"]
[EventDate "2020.05.16"]

1. e4 c6 2. d4 d5 3. Nc3 b5 4. a3 a6 5. exd5 cxd5 6. Qf3 Nf6 7. Bg5 e6 8. Bd3
Nc6 9. Nge2 Be7 10. Bxf6 Bxf6 11. Qe3 O-O 12. O-O Qb6 13. Qh3 g6 14. Ng3 Nxd4
15. Rae1 Qd6 16. Qh6 Bg7 17. Qd2 Bb7 18. f4 Rac8 19. Nce2 Nxe2+ 20. Qxe2 Bxb2
21. f5 e5 22. f6 e4 23. Qd2 Bxf6 24. Bxe4 Qb6+ 25. Kh1 dxe4 26. Qf4 Bg7 27. Qg4
f5 28. Qg5 Qd8 29. Qf4 Qc7 30. Qg5 Bf6 31. Qd2 Qxc2 32. Qd7 Qc7 33. Qe6+ Qf7 34.
Qb6 Rc6 35. Qe3 Qd7 36. Rd1 Rd6 37. Rc1 Rd3 38. Qb6 Rd6 39. Qe3 Rc8 40. Rxc8+
Qxc8 41. h3 Qc3 42. Qa7 Qxg3 43. Qxb7 e3 44. Rc1 Rd8 45. Qc6 Be5 46. Qe6+ Kh8
47. Kg1 e2 0-1

[Event "ch-FRA Blitz Online Qual"]
[Site "Europe-Chess INT"]
[Date "2020.05.16"]
[Round "1"]
[White "Bijaoui, Manuel"]
[Black "Hadida, Simon"]
[Result "1-0"]
[WhiteTitle "IM"]
[WhiteElo "2411"]
[BlackElo "1900"]
[WhiteFideId "626783"]
[BlackFideId "45132925"]
[EventDate "2020.05.16"]

1. e4 c5 2. Nf3 Nc6 3. Bb5 g6 4. Bxc6 dxc6 5. d3 Bg7 6. h3 e5 7. Be3 b6 8. Qd2
Be6 9. Qc3 Qc7 10. Nbd2 Ne7 11. a3 O-O 12. b4 cxb4 13. axb4 f5 14. Ng5 Bf7 15.
Nxf7 Rxf7 16. Nf3 fxe4 17. dxe4 Kh8 18. Ng5 Rf6 19. Qc4 Raf8 20. Ne6 Qb7 21.
Nxf8 Rxf8 22. O-O h6 23. Rfd1 g5 24. Qe6 Rf6 25. Qd7 1-0

[Event "ch-FRA Blitz Online Qual"]
[Site "Europe-Chess INT"]
[Date "2020.05.16"]
[Round "1"]
[White "Bujisho, Benjamin"]
[Black "Genot, Jean-Paul"]
[Result "1-0"]
[WhiteTitle "IM"]
[WhiteElo "2290"]
[BlackElo "1673"]
[WhiteFideId "608610"]
[BlackFideId "45150940"]
[EventDate "2020.05.16"]

1. d4 Nf6 2. Bf4 e6 3. e3 c5 4. c3 b6 5. Nf3 Bb7 6. Bd3 Nc6 7. Nbd2 Be7 8. O-O
h6 9. h3 O-O 10. Qe2 d5 11. Rfe1 Re8 12. Rad1 Qc8 13. a3 a6 14. Ne5 b5 15. Bb1
Nxe5 16. Bxe5 Nd7 17. Bf4 Bf6 18. Qd3 Kf8 19. e4 c4 20. Qg3 g5 21. Bd6+ Kg7 22.
h4 Qc6 23. Nf3 e5 24. hxg5 hxg5 25. dxe5 Be7 26. exd5 Qc8 27. Nxg5 1-0

[Event "ch-FRA Blitz Online Qual"]
[Site "Europe-Chess INT"]
[Date "2020.05.16"]
[Round "1"]
[White "Azizyan, Rafayel"]
[Black "Glek, Igor"]
[Result "0-1"]
[BlackTitle "GM"]
[WhiteElo "1667"]
[BlackElo "2475"]
[WhiteFideId "651016931"]
[BlackFideId "4100484"]
[EventDate "2020.05.16"]

1. e4 c5 2. Nf3 a6 3. d4 cxd4 4. Nxd4 Nf6 5. Nc3 e5 6. Nb3 Bb4 7. Bd3 Bxc3+ 8.
bxc3 d6 9. O-O Qc7 10. Bb2 Be6 11. Kh1 Nbd7 12. Qe2 Nb6 13. Nd2 Na4 14. Rfb1 Rc8
15. c4 Nxb2 16. Rxb2 Nd7 17. Rab1 Nc5 18. Rb6 O-O 19. Nb3 Qxb6 20. c3 Nxd3 21.
Qxd3 Qxf2 22. Nd2 Qc5 23. Rf1 Bxc4 24. Nxc4 Qxc4 25. Qf3 Qxc3 26. Qf5 Qc2 27. h4
Qxa2 28. h5 h6 29. g4 Qe6 30. Qf3 Rc2 31. g5 hxg5 32. Qg3 Rfc8 33. Qf3 R8c3 0-1

[Event "ch-FRA Blitz Online Qual"]
[Site "Europe-Chess INT"]
[Date "2020.05.16"]
[Round "1"]
[White "Di Nicolantonio, Lucas"]
[Black "Shved, Jakov"]
[Result "1-0"]
[WhiteTitle "IM"]
[WhiteElo "2414"]
[BlackElo "1667"]
[WhiteFideId "680460"]
[BlackFideId "45178194"]
[EventDate "2020.05.16"]

1. e4 c5 2. Nf3 d6 3. d4 cxd4 4. Nxd4 Nf6 5. f3 a6 6. c4 e6 7. Nc3 Nbd7 8. Be2
b6 9. O-O Bb7 10. Be3 Rc8 11. Qd2 Be7 12. Rfd1 O-O 13. Bf1 Ne5 14. b3 d5 15.
exd5 exd5 16. Nf5 Bb4 17. Bd4 Ned7 18. Qg5 g6 19. Nh6+ Kg7 20. Nxd5 1-0

[Event "ch-FRA Blitz Online Qual"]
[Site "Europe-Chess INT"]
[Date "2020.05.16"]
[Round "1"]
[White "El Baroudi Abderrahmane"]
[Black "Philippe, Guillaume"]
[Result "0-1"]
[BlackTitle "IM"]
[WhiteElo "1599"]
[BlackElo "2354"]
[WhiteFideId "9005382"]
[BlackFideId "36048763"]
[EventDate "2020.05.16"]

1. e4 d6 2. d4 Nf6 3. Nc3 g6 4. Nf3 Bg7 5. Be3 c6 6. Be2 b5 7. a3 O-O 8. O-O
Nbd7 9. Qd2 Bb7 10. Ne1 c5 11. d5 a6 12. f3 Qc7 13. Bh6 c4 14. Bxg7 Kxg7 15. b3
cxb3 16. cxb3 Rfc8 17. Rc1 Qa5 18. Nb1 Qxd2 19. Nxd2 Rxc1 20. Nd3 Rxf1+ 21. Kxf1
Rc8 0-1

[Event "ch-FRA Blitz Online Qual"]
[Site "Europe-Chess INT"]
[Date "2020.05.16"]
[Round "1"]
[White "Rajaobelina, Hery"]
[Black "Riff, Vincent"]
[Result "0-1"]
[BlackTitle "FM"]
[WhiteElo "1592"]
[BlackElo "2405"]
[WhiteFideId "36054836"]
[BlackFideId "617776"]
[EventDate "2020.05.16"]

1. e4 c5 2. Nf3 Nc6 3. Bb5 d6 4. Bxc6+ bxc6 5. O-O e5 6. d3 Be7 7. Nc3 Nf6 8. h3
h6 9. Re1 g5 10. Nh2 Rg8 11. Be3 g4 12. h4 g3 13. Nf3 gxf2+ 14. Bxf2 Ng4 15. Qe2
Nxf2 16. Qxf2 Bh3 17. g3 Bxh4 18. Kh2 Bxg3+ 19. Qxg3 Rxg3 20. Kxg3 Be6 21. Rh1
Qf6 22. Ne2 Kd7 23. Kf2 Bg4 24. Ng1 Rg8 25. Ke3 Bxf3 26. Nxf3 Qf4+ 27. Kf2 Rg3 0-1

[Event "ch-FRA Blitz Online Qual"]
[Site "Europe-Chess INT"]
[Date "2020.05.16"]
[Round "1"]
[White "Brunner, Nicolas"]
[Black "Briand, Maxime"]
[Result "1-0"]
[WhiteTitle "IM"]
[WhiteElo "2428"]
[BlackElo "1662"]
[WhiteFideId "620246"]
[BlackFideId "651016397"]
[EventDate "2020.05.16"]

1. d4 Nf6 2. c4 e6 3. Nf3 b6 4. g3 Ba6 5. Qc2 c6 6. Bg2 Be7 7. O-O O-O 8. e4 d5
9. e5 Nfd7 10. b3 c5 11. dxc5 Nxc5 12. Rd1 Bb7 13. Nc3 Qc7 14. cxd5 exd5 15.
Nxd5 Bxd5 16. Rxd5 Nba6 17. Ba3 Rac8 18. Rad1 Rfd8 19. Rxd8+ Rxd8 20. h4 Qc8 21.
Nd4 Nb8 22. f4 Qg4 23. Kh2 Bxh4 24. Ne2 Be7 25. Rxd8+ Bxd8 26. Qd2 Qd7 27. Qxd7
Nbxd7 28. Nd4 Nb8 29. Nb5 a6 30. Nd6 Nd3 31. Bd5 Kf8 32. Nxf7+ Ke8 33. Nd6+ Kd7
34. Be4 Nc5 35. Bxh7 Nc6 36. Bf5+ Kc7 37. Ne8+ Kb7 38. Nxg7 a5 39. Ne6 Nxe6 40.
Bxe6 Nd4 41. Bd5+ Ka6 42. Bb2 Nc2 43. Be4 Ne3 44. f5 Bc7 45. f6 Ng4+ 46. Kg2
Nxe5 47. Bd5 Bd6 48. f7 Ng4 49. Kf3 Nh6 50. g4 Kb5 51. g5 Nf5 52. Be4 Ne7 53. g6
a4 54. g7 axb3 55. axb3 Kb4 56. f8=Q Kxb3 57. Bf6 Nf5 58. Bxf5 Bxf8 59. gxf8=Q 1-0

[Event "ch-FRA Blitz Online Qual"]
[Site "Europe-Chess INT"]
[Date "2020.05.16"]
[Round "1"]
[White "Debray, Christopher"]
[Black "Carme, Jeremie"]
[Result "1-0"]
[WhiteTitle "IM"]
[WhiteElo "2376"]
[BlackElo "1659"]
[WhiteFideId "630810"]
[BlackFideId "45184593"]
[EventDate "2020.05.16"]

1. d4 c5 2. Nf3 cxd4 3. Nxd4 e5 4. Nb5 d5 5. e4 d4 6. c3 a6 7. N5a3 Nc6 8. Nc2
Bc5 9. Bc4 b5 10. Bd5 Bb7 11. cxd4 exd4 12. O-O Nge7 13. Bg5 Qb6 14. Nd2 O-O 15.
Nb3 Nxd5 16. exd5 Nb4 17. Nxc5 Qxc5 18. Qxd4 Qxc2 19. Qxb4 Bxd5 20. Rfd1 Qf5 21.
Bh4 Rac8 22. Rd2 Rc4 23. Qd6 Rxh4 24. Qxd5 Rg4 25. Qxf5 Rc4 26. h3 Rfc8 27. Rd7
Rf8 28. Re1 Rcc8 29. Ree7 Rc6 30. Rxf7 Rf6 31. Rxg7+ Kh8 32. Qxh7# 1-0

[Event "ch-FRA Blitz Online Qual"]
[Site "Europe-Chess INT"]
[Date "2020.05.16"]
[Round "1"]
[White "Maugin, Narada"]
[Black "Viennot, Dylan"]
[Result "0-1"]
[BlackTitle "FM"]
[WhiteElo "1947"]
[BlackElo "2331"]
[WhiteFideId "45165025"]
[BlackFideId "676098"]
[EventDate "2020.05.16"]

1. c4 e6 2. Nf3 d5 3. g3 Nf6 4. Bg2 dxc4 5. Qa4+ Nbd7 6. Qxc4 a6 7. Qc2 c5 8.
O-O Qc7 9. d4 b5 10. a4 Bb7 11. Rd1 Be4 12. Qc3 Nd5 13. Qd2 Rc8 14. Nc3 Nxc3 15.
bxc3 Qb7 16. Ba3 b4 17. Bb2 b3 18. c4 Bc2 19. Rdc1 Be4 20. Qc2 Bxc2 21. Ne5 Qa7 0-1

[Event "ch-FRA Blitz Online Qual"]
[Site "Europe-Chess INT"]
[Date "2020.05.16"]
[Round "1"]
[White "Jolly, Jean-Francois"]
[Black "Buffin, Jean"]
[Result "1-0"]
[WhiteTitle "IM"]
[WhiteElo "2378"]
[BlackElo "1711"]
[WhiteFideId "634751"]
[BlackFideId "20699751"]
[EventDate "2020.05.16"]

1. e4 e5 2. Nf3 Nc6 3. Bb5 a6 4. Ba4 Nf6 5. O-O Be7 6. Re1 b5 7. Bb3 d6 8. c3
O-O 9. h3 Nb8 10. d4 Nbd7 11. Nbd2 Bb7 12. Bc2 Re8 13. Nf1 Bf8 14. Ng3 g6 15. a4
Bg7 16. Bd3 bxa4 17. Qxa4 Nb6 18. Qc2 c5 19. dxc5 dxc5 20. Nd2 Qc7 21. Nc4 Rad8
22. Be3 Nxe4 23. Nxb6 Nxg3 24. Nc4 Nf5 25. Bxf5 gxf5 26. Qxf5 Qc6 27. f3 Qd5 28.
Nd2 Qe6 29. Qxe6 Rxe6 30. Ne4 Rg6 31. Kf2 Bxe4 32. fxe4 Rf6+ 33. Ke2 Rg6 34. g4
c4 35. Red1 Rgd6 36. Rxd6 Rxd6 37. Ra4 Bh6 38. Rxc4 Bxe3 39. Kxe3 Rh6 40. Rc8+
Kg7 41. Kd3 Rxh3+ 42. Kc4 Rg3 43. b4 Rxg4 44. Kd5 h5 45. Ra8 h4 46. Rxa6 h3 47.
Ra1 Rg2 48. Rh1 h2 49. c4 Kg6 50. b5 Kf6 51. c5 Rd2+ 52. Kc6 Ke6 53. b6 Ke7 54.
b7 Rd8 55. Rxh2 f5 56. exf5 Kf6 57. Kc7 Rc8+ 58. bxc8=Q 1-0

[Event "ch-FRA Blitz Online Qual"]
[Site "Europe-Chess INT"]
[Date "2020.05.16"]
[Round "1"]
[White "Tulliez, Andre"]
[Black "Okhotnik, Vladimir"]
[Result "0-1"]
[BlackTitle "GM"]
[WhiteElo "1777"]
[BlackElo "2359"]
[WhiteFideId "45107181"]
[BlackFideId "14101289"]
[EventDate "2020.05.16"]

1. e4 d6 2. d4 Nf6 3. Nc3 Nbd7 4. Bc4 e5 5. Nf3 Be7 6. Be3 O-O 7. O-O c6 8. a4
a5 9. Qd3 Qc7 10. h3 Nb6 11. Ba2 Nfd7 12. Rfe1 Bf6 13. Rad1 h6 14. Qd2 Kh7 15.
Nh2 exd4 16. Bxd4 Ne5 17. Qe3 Nbc4 18. Qe2 Nb6 19. f4 Ned7 20. Qd3 Bxd4+ 21.
Qxd4 Nc5 22. Qxd6 Qxd6 23. Rxd6 Nbxa4 24. Nxa4 Nxa4 25. Bb3 Nc5 26. Ba2 Be6 27.
Bxe6 fxe6 28. g3 Rfd8 29. Red1 Rxd6 30. Rxd6 Nxe4 31. Rxe6 Nxg3 32. Re7 Rb8 33.
Ng4 Nf5 34. Rf7 Nd6 35. Rd7 Nc4 36. b3 Na3 37. Ne3 Kg6 38. Kg2 Kf6 39. Kf3 Nb5
40. Ng4+ Kg6 41. Ne5+ Kh7 42. f5 Kg8 43. Kf4 Na3 44. c4 Nc2 45. Ng6 Na1 46. Rd3
b5 47. cxb5 cxb5 48. Rd7 Nxb3 49. Rd3 a4 50. h4 b4 51. h5 a3 52. Rxb3 a2 53.
Ne7+ Kf7 54. Nc6 Ra8 55. Nxb4 a1=Q 56. Re3 0-1

[Event "ch-FRA Blitz Online Qual"]
[Site "Europe-Chess INT"]
[Date "2020.05.16"]
[Round "1"]
[White "Cotonnec, Melkior"]
[Black "Senegas, Pascal"]
[Result "1-0"]
[WhiteTitle "IM"]
[WhiteElo "2300"]
[BlackElo "1654"]
[WhiteFideId "633275"]
[BlackFideId "45102074"]
[EventDate "2020.05.16"]

1. c4 Nf6 2. g3 c5 3. Bg2 Nc6 4. Nf3 e6 5. O-O d5 6. cxd5 exd5 7. d4 Bd6 8. b3
O-O 9. dxc5 Bxc5 10. Bb2 d4 11. Na3 Bg4 12. Nc2 Re8 13. h3 Bh5 14. Re1 Bb4 15.
Nxb4 Nxb4 16. a3 Nc6 17. Nxd4 Nxd4 18. Bxd4 Rxe2 19. Rxe2 Bxe2 20. Qd2 Ba6 21.
Qb2 Rc8 22. b4 Bd3 23. Rd1 Rc2 24. Qa1 Be2 25. Re1 Rd2 26. Bc3 Rd1 27. Rxd1 Bxd1
28. Bxb7 Ba4 29. Bg2 Qd3 30. Bxf6 gxf6 31. Qxf6 Qd1+ 32. Kh2 Qd7 33. Qg5+ Kf8
34. Qc5+ Kg8 35. Qd5 Qxd5 36. Bxd5 a6 37. Bc4 Bb5 38. Bxb5 axb5 39. Kg2 Kg7 40.
Kf3 Kf6 41. Kf4 h6 42. g4 Ke6 43. Ke4 Kf6 44. f4 Ke6 45. h4 Kf6 46. h5 Ke6 47.
g5 f5+ 48. Kf3 1-0

[Event "ch-FRA Blitz Online Qual"]
[Site "Europe-Chess INT"]
[Date "2020.05.16"]
[Round "1"]
[White "Farthouat, Titoine"]
[Black "Migot, Tangi"]
[Result "1/2-1/2"]
[BlackTitle "IM"]
[WhiteElo "1652"]
[BlackElo "2351"]
[WhiteFideId "36015660"]
[BlackFideId "662445"]
[EventDate "2020.05.16"]

1. e4 c5 2. Nf3 Nc6 3. d4 cxd4 4. Nxd4 e5 5. Nb5 a6 6. Nd6+ Bxd6 7. Qxd6 Qf6 8.
Qxf6 Nxf6 9. Nc3 Nb4 10. Bd3 h6 11. a3 Nxd3+ 12. cxd3 d6 13. O-O Be6 14. f4
O-O-O 15. Be3 b5 16. Rac1 Kb7 17. f5 Bb3 18. Nb1 Rc8 19. Nd2 Bc2 20. d4 Bxe4 21.
dxe5 dxe5 22. Nxe4 Nxe4 23. b4 Rxc1 24. Rxc1 Rc8 25. Rd1 f6 26. Rd7+ Rc7 27. Rd1
Kc6 28. Rd8 Kb7 29. h3 Ng5 30. Rd3 Nf7 31. g4 Kc8 32. Kg2 Rd7 33. Rc3+ Kb7 34.
Bc5 Nd8 35. Kf3 Nc6 36. Ke4 Rd1 37. Rd3 Re1+ 38. Re3 Rf1 39. Rd3 Rf4+ 40. Ke3
Kc7 41. Bd6+ Kc8 42. Bf8 h5 43. Bxg7 hxg4 44. hxg4 Rxg4 45. Bxf6 a5 46. Rc3 Rg3+
47. Kd2 Rxc3 48. Kxc3 axb4+ 49. axb4 Kd7 50. Bg7 Ke7 51. Kd3 Nxb4+ 52. Ke4 Nc6
53. Kd5 Kd7 54. f6 Nd8 55. Kxe5 b4 56. Kd5 b3 57. f7 Nxf7 58. Kc4 b2 59. Bxb2 1/2-1/2

[Event "ch-FRA Blitz Online Qual"]
[Site "Europe-Chess INT"]
[Date "2020.05.16"]
[Round "1"]
[White "Lamblain, Nicolas"]
[Black "Navrotescu, Catalin"]
[Result "0-1"]
[BlackTitle "IM"]
[WhiteElo "1645"]
[BlackElo "2348"]
[WhiteFideId "20605641"]
[BlackFideId "1200208"]
[EventDate "2020.05.16"]

1. e4 d6 2. d4 g6 3. Nd2 Bg7 4. Ngf3 Nf6 5. Bd3 O-O 6. h3 c5 7. c3 Nc6 8. O-O
cxd4 9. cxd4 a6 10. Nb3 Bd7 11. Be3 Rc8 12. Rc1 Na5 13. Rxc8 Bxc8 14. Bd2 Nc6
15. Be3 Bd7 16. a3 Qb8 17. Qd2 Rc8 18. Rc1 Nd8 19. Bh6 Ba4 20. Rxc8 Qxc8 21. Nc1
Ne6 22. Ne2 Bb3 23. Bxg7 Kxg7 24. Kh2 d5 25. e5 Ne4 26. Qe3 Bc2 27. Bxe4 Bxe4
28. Nd2 Qc2 29. Qc3 Qxc3 30. bxc3 Bd3 31. Nc1 Bb5 32. g3 f6 33. f4 Kf7 34. Kg2
Nc7 35. Kf3 Ba4 36. Ncb3 b6 37. Ke3 Bxb3 38. Nxb3 Nb5 39. Kd3 Nxa3 40. Nd2 b5
41. Nb3 Nc4 42. Nc5 a5 43. Kc2 e6 44. Kb3 fxe5 45. fxe5 Ke7 46. Nd3 Nd2+ 47. Kc2
Ne4 48. g4 g5 49. Kb3 Kd7 50. Nc5+ Nxc5+ 51. dxc5 Kc6 52. Kc2 Kxc5 53. Kd3 a4
54. Kc2 Kc4 55. Kb2 Kd3 56. Ka3 Kxc3 57. h4 h6 58. h5 Kc4 59. Ka2 d4 60. Kb2 d3
61. Kc1 a3 62. Kb1 b4 63. Ka1 b3 64. Kb1 d2 65. Ka1 d1=Q# 0-1

[Event "ch-FRA Blitz Online Qual"]
[Site "Europe-Chess INT"]
[Date "2020.05.16"]
[Round "1"]
[White "Laurent-Paoli, Pierre"]
[Black "Druon, Thibault"]
[Result "1-0"]
[WhiteTitle "FM"]
[WhiteElo "2402"]
[BlackElo "1644"]
[WhiteFideId "26017962"]
[BlackFideId "45166510"]
[EventDate "2020.05.16"]

1. d4 Nf6 2. c4 g6 3. Nf3 Bg7 4. Nc3 d5 5. h3 O-O 6. cxd5 Nxd5 7. e4 Nxc3 8.
bxc3 c5 9. Be2 Qa5 10. Bd2 Qc7 11. O-O Nc6 12. d5 Na5 13. c4 Bxa1 14. Qxa1 f6
15. e5 fxe5 16. Nxe5 e6 17. d6 Qxd6 18. Bxa5 b6 19. Bc3 Bb7 20. Rd1 Qe7 21. Rd7
Qg5 22. Bg4 Bc8 23. Nf3 Qh6 24. Rg7+ Qxg7 25. Bxg7 Rf7 26. Bh6 1-0

[Event "ch-FRA Blitz Online Qual"]
[Site "Europe-Chess INT"]
[Date "2020.05.16"]
[Round "1"]
[White "Vieira, William"]
[Black "Bulmaga, Irina"]
[Result "0-1"]
[BlackTitle "IM"]
[WhiteElo "1593"]
[BlackElo "2440"]
[WhiteFideId "20661193"]
[BlackFideId "13903063"]
[EventDate "2020.05.16"]

1. e3 Nf6 2. f4 b6 3. Nf3 Bb7 4. d3 d5 5. Be2 e6 6. O-O Nbd7 7. Ne5 Bd6 8. Nxd7
Qxd7 9. Qe1 e5 10. Qg3 Qe7 11. Bd1 O-O-O 12. a4 a5 13. Bd2 h6 14. Nc3 exf4 15.
exf4 g5 16. Qe1 Bc5+ 17. Kh1 d4 18. Qxe7 Bxe7 19. fxg5 hxg5 20. Ne4 Bxe4 21.
dxe4 Nxe4 22. Rxf7 Bd6 23. Bg4+ Kb8 24. Be1 Rxh2+ 25. Kg1 Rdh8 26. Kf1 Rh1+ 27.
Ke2 Re8 28. Kd3 Nc5+ 29. Kxd4 Rhxe1 30. Rxe1 Rxe1 31. Rg7 Re4+ 0-1

[Event "ch-FRA Blitz Online Qual"]
[Site "Europe-Chess INT"]
[Date "2020.05.16"]
[Round "1"]
[White "Degraeve, Remy"]
[Black "Saba, Nathalie"]
[Result "1-0"]
[WhiteTitle "FM"]
[WhiteElo "2328"]
[BlackElo "1626"]
[WhiteFideId "26024560"]
[BlackFideId "26095939"]
[EventDate "2020.05.16"]

1. d4 Nf6 2. c4 c5 3. d5 b5 4. cxb5 a6 5. f3 d6 6. e4 Bd7 7. Nc3 g6 8. bxa6 Nxa6
9. Bc4 Bg7 10. Nge2 O-O 11. O-O Qb6 12. Kh1 Rfb8 13. a4 Nb4 14. Bb5 Qa5 15. Bg5
Bxb5 16. Nxb5 h6 17. Bh4 g5 18. Bg3 Nd7 19. Nec3 c4 20. f4 Nc5 21. fxg5 hxg5 22.
Qh5 f6 23. e5 dxe5 24. d6 Ncd3 25. dxe7 Nf4 26. Bxf4 exf4 27. Nd6 Qe5 28. Qf7+
Kh7 29. Nce4 Nd3 30. Qh5+ Kg8 31. Rf3 Qxb2 32. Qf7+ Kh7 33. Rh3# 1-0

[Event "ch-FRA Blitz Online Qual"]
[Site "Europe-Chess INT"]
[Date "2020.05.16"]
[Round "1"]
[White "Lissillour, Baptiste"]
[Black "Suarez Uriel, Adrian"]
[Result "0-1"]
[BlackTitle "IM"]
[WhiteElo "1731"]
[BlackElo "2340"]
[WhiteFideId "45179620"]
[BlackFideId "22230874"]
[EventDate "2020.05.16"]

1. d4 Nf6 2. Nf3 g6 3. c4 Bg7 4. Nc3 d5 5. cxd5 Nxd5 6. e4 Nxc3 7. bxc3 c5 8.
Be3 Qa5 9. Qd2 O-O 10. Rc1 Rd8 11. Be2 Nc6 12. d5 e6 13. O-O exd5 14. exd5 b6
15. c4 Qxd2 16. Bxd2 Nd4 17. Nxd4 Bxd4 18. Bc3 Bxc3 19. Rxc3 Bf5 20. Bd3 Bd7 21.
f4 Re8 22. Kf2 Re7 23. Re1 Kf8 24. Rc2 Rxe1 25. Kxe1 Re8+ 26. Re2 Rxe2+ 27. Kxe2
Ke7 28. g3 Kd6 29. Ke3 a6 30. a3 b5 31. h4 h6 32. Be2 f6 33. Bd3 g5 34. fxg5
fxg5 35. hxg5 hxg5 36. Be2 Ke5 37. Bd3 bxc4 38. Bxc4 Bb5 39. Bb3 c4 40. Bc2 Kxd5
41. a4 Bd7 42. a5 Kc5 43. Bg6 Kb4 44. Kd4 c3 45. Bc2 Be8 46. Be4 Kb3 47. Bd5+
Kb2 48. Be4 c2 49. Bxc2 Kxc2 50. Ke5 Kc3 51. Kf6 Kb4 52. Kxg5 Kxa5 53. Kf4 Kb4
54. Ke3 Kb3 55. Kd2 a5 56. g4 Bg6 57. g5 a4 58. Kc1 a3 0-1